Title in the Lyrics -- Songs That Start With U - Statistics

General Stats
  • This quiz has been taken 726 times
  • The average score is 5 of 15
Answer Stats
Lyrics Title % Correct
Now that it's raining more than ever / Know that we'll still have each other / You can stand under my ________ Umbrella
93%
_____ ___ ___ / Darling it's better / Down where it's wetter / Take it from me Under the Sea
71%
I'm gonna try for an ______ ____ / She's been living in her white bred world / As long as anyone with hot blood can / And now she's looking for a downtown man Uptown Girl
67%
There is no fear now / Let go and just be free / I will love you _______________ Unconditionally
45%
I wanna stay __ ___ _____ / And jump around until we see the sun / I wanna stay __ ___ _____ / And find a girl and tell her she's the one Up All Night
44%
I want to spread the news / That if it feels this good getting used / You just keep on using me / Until you ___ __ up Use Me
39%
You know that I could ___ ________ / Someone like you, And all you know, And how you speak / Countless lovers under cover of the street Use Somebody
33%
Oh, _____ ___ _________, down by the sea, yeah / On a blanket with my baby is where I'll be Under the Boardwalk
31%
_____ ___ ______ downtown / Is where I drew some blood / _____ ___ ______ downtown / I could not get enough Under the Bridge
26%
Caring about ourselves / This is our last dance / This is our last dance / This is ourselves / _____ ________ Under Pressure
21%
I told you homeboy (_ _____ _____ ____) / Yeah, that's how we living and you know (_ _____ _____ ____) U Can't Touch This
12%
_____ __ _____ / The girl who once had me down / _____ __ _____ / The girl who once pushed me around Under My Thumb
9%
You're really lovely / __________ __ ___ / You want to love me / __________ __ ___ Underneath It All
4%
Change, nothing stays the same / _________, yeah you hit the ground running Unchained
3%
The _____ __ ___ _____ is on the climb / Moving up it's gonna race it's gonna break / Through the borderline Union of the Snake
2%
No matching quizzes found
Score Distribution
Percent of People with Each Score
Percentile by Number Answered
Your Score History
You have not taken this quiz